000
00306nam a22001337a 4500
008
180312b xxu||||| |||| 00| 0 eng d
020
_a
9780471105596
041
_a
eng
080
_2
5th
_a
53
100
_a
43
101
_a
FIZ
245
_a
Fundamentals of physics extended
_c
Halliday,D
942
_2
udc
_c
BK
999
_c
44777
_d
44777